| 000 | 00469nam a22001937a 4500 | ||
|---|---|---|---|
| 003 | NUST-PNEC | ||
| 005 | 20170116181106.0 | ||
| 008 | 140401b xxu||||| |||| 00| 0 eng d | ||
| 020 | _a- | ||
| 040 | _cLIBRARY | ||
| 082 | _a629.83 DAZ | ||
| 100 |
_912679 _aD'Azzo, John J. |
||
| 245 |
_aFeedback Control System Analysis and synthesis _cJohn J. D'Azzo |
||
| 250 | _a2nd ed. | ||
| 260 | _cc.1966 | ||
| 500 | _aIncludes index. | ||
| 650 | _xBSMIS | ||
| 942 |
_2ddc _cBK |
||
| 999 |
_c68938 _d68938 |
||